000 00919nas a2200313 4500
001 BR2015006400
003 BR-BrBNA
005 20231205130639.0
007 ta
008 230509b bl.|||p| |||| 00| 00por d
040 _aBR-BrBNA
_bpor
_cBiblioteca Nacional de Agricultura
041 _a(Pt)
072 _aJ10
100 1 _aDias, R.E.B.A.
100 1 _aSilva, F.M. da
100 1 _aCunha, J.P.B.
100 1 _aAvelar, R.C.
100 1 _aFernandes, F.C.
245 1 _aEficiência da colheita mecanizada do café com uso do inibidor de biossíntese de etileno
650 _aCAFÉ
650 _aCAFEICULTURA
650 _aPERDA DURANTE A COLHEITA
650 _aCOLHEITA
650 _aPERDA
650 _aCOLHEITA MECANICA
773 0 _tCoffee Science (Brazil)
_xISSN 1809-6875
_g(Oct-Dec 2014), v. 9(4) p. 527-536
_wBR2015006400
909 _a202311
_bLúcia
_c55
_dLúcia Elande
942 _2AGRIS
_n0
_cANA
999 _c250512
_d250512